000 00257nam a22001217a 4500
008 170427b xxu||||| |||| 00| 0 eng d
041 _aeng
080 _a34
100 _a13
101 _aSHJ
245 _aSPACE AND LAW
_cAPANASYEV,V,G
942 _2udc
_cBK
999 _c12287
_d12287